<?xml version='1.0' encoding='UTF-8'?>
  <record xmlns="http://www.loc.gov/MARC21/slim">
    <leader>00000ctm a2200000Mi 4500</leader>
    <controlfield tag="001">ocn965428447</controlfield>
    <controlfield tag="003">OCoLC</controlfield>
    <controlfield tag="005">20250626035156.0</controlfield>
    <controlfield tag="008">101014q1458    be            000 0 lat d</controlfield>
    <datafield tag="040" ind1=" " ind2=" ">
      <subfield code="a">QGJ</subfield>
      <subfield code="b">dut</subfield>
      <subfield code="c">QGJ</subfield>
      <subfield code="d">QGJ</subfield>
      <subfield code="d">OCLCA</subfield>
      <subfield code="d">OCLCO</subfield>
      <subfield code="d">OCLCL</subfield>
      <subfield code="d">QGJ</subfield>
    </datafield>
    <datafield tag="035" ind1=" " ind2=" ">
      <subfield code="a">(OCoLC)965428447</subfield>
    </datafield>
    <datafield tag="100" ind1="0" ind2=" ">
      <subfield code="a">Bernardus Claraevallensis,</subfield>
      <subfield code="c">Pseudo-</subfield>
    </datafield>
    <datafield tag="245" ind1="1" ind2="0">
      <subfield code="a">Meditationes de vita Jesu Christi.</subfield>
      <subfield code="f">UBU Hs. 173 (Hs 1 H 17).</subfield>
    </datafield>
    <datafield tag="246" ind1="1" ind2=" ">
      <subfield code="a">Lamentatio gloriosae Virginis Mariae juxta crucem</subfield>
    </datafield>
    <datafield tag="246" ind1="1" ind2=" ">
      <subfield code="a">Planctus Mariae</subfield>
    </datafield>
    <datafield tag="246" ind1="1" ind2=" ">
      <subfield code="a">Meditatio super Salutationem Angelicam</subfield>
    </datafield>
    <datafield tag="246" ind1="1" ind2=" ">
      <subfield code="a">De imitatione Christi (fragm. lib. 2, lib.4, c.5)</subfield>
    </datafield>
    <datafield tag="246" ind1="1" ind2=" ">
      <subfield code="a">Tractatus de sacramento altaris</subfield>
    </datafield>
    <datafield tag="246" ind1="1" ind2=" ">
      <subfield code="a">Conclusiones de participatione missarum tam pro vivis quam pro defunctis</subfield>
    </datafield>
    <datafield tag="246" ind1="1" ind2=" ">
      <subfield code="a">Quatuor novissima</subfield>
    </datafield>
    <datafield tag="246" ind1="1" ind2=" ">
      <subfield code="a">De raptu animae Tundali et visione ejus</subfield>
    </datafield>
    <datafield tag="246" ind1="1" ind2=" ">
      <subfield code="a">Tractatus de recommendatione vitae solitariae</subfield>
    </datafield>
    <datafield tag="246" ind1="1" ind2=" ">
      <subfield code="a">Speculum monasticum</subfield>
    </datafield>
    <datafield tag="246" ind1="1" ind2=" ">
      <subfield code="a">Initium sapientiae timor Domini</subfield>
    </datafield>
    <datafield tag="246" ind1="1" ind2=" ">
      <subfield code="a">Ordo sive Regula vivendi ad Eustachium</subfield>
    </datafield>
    <datafield tag="246" ind1="1" ind2=" ">
      <subfield code="a">Collationes seu verba aurea</subfield>
    </datafield>
    <datafield tag="246" ind1="1" ind2=" ">
      <subfield code="a">De arte bene moriendi</subfield>
    </datafield>
    <datafield tag="246" ind1="1" ind2=" ">
      <subfield code="a">Speculum peccatorum</subfield>
    </datafield>
    <datafield tag="246" ind1="1" ind2=" ">
      <subfield code="a">Regula fratrum ordinis tertii beati Francisci de penitentia</subfield>
    </datafield>
    <datafield tag="246" ind1="1" ind2=" ">
      <subfield code="a">De contemptu mundi (excerpta)</subfield>
    </datafield>
    <datafield tag="246" ind1="1" ind2=" ">
      <subfield code="a">Speculum christiani</subfield>
    </datafield>
    <datafield tag="246" ind1="1" ind2=" ">
      <subfield code="a">Proverbia sapientium</subfield>
    </datafield>
    <datafield tag="246" ind1="1" ind2=" ">
      <subfield code="a">Epistula ad Blancam comitissam</subfield>
    </datafield>
    <datafield tag="246" ind1="1" ind2=" ">
      <subfield code="a">Sermo de contemptu mundi</subfield>
    </datafield>
    <datafield tag="246" ind1="1" ind2=" ">
      <subfield code="a">Exempla sanctorum</subfield>
    </datafield>
    <datafield tag="246" ind1="1" ind2=" ">
      <subfield code="a">Sermo incipiens: Servus sciens voluntatem domini sui</subfield>
    </datafield>
    <datafield tag="246" ind1="1" ind2=" ">
      <subfield code="a">De efficacia praeceptionis sacramenti</subfield>
    </datafield>
    <datafield tag="246" ind1="1" ind2=" ">
      <subfield code="a">Tractatus parvus de stimulo conscientiae</subfield>
    </datafield>
    <datafield tag="246" ind1="1" ind2=" ">
      <subfield code="a">Tractatus de vera confessione facienda</subfield>
    </datafield>
    <datafield tag="246" ind1="1" ind2=" ">
      <subfield code="a">Tractatus de defectibus et periculis concurrentibus in missa</subfield>
    </datafield>
    <datafield tag="246" ind1="1" ind2=" ">
      <subfield code="a">Diffinitiones monachi</subfield>
    </datafield>
    <datafield tag="246" ind1="1" ind2=" ">
      <subfield code="a">Tractatus de purgatorio sancti Patricii</subfield>
    </datafield>
    <datafield tag="246" ind1="1" ind2=" ">
      <subfield code="a">Mirabilia in sacramento altaris</subfield>
    </datafield>
    <datafield tag="246" ind1="1" ind2=" ">
      <subfield code="a">Narratio de spiritu quodam in villa Meyerick juxta oppidum Duysborch ducatus Clivensis apparente</subfield>
    </datafield>
    <datafield tag="246" ind1="1" ind2=" ">
      <subfield code="a">Narratio quorundam dubitabilium circa acta seu dicta per spiritum in Meyerick</subfield>
    </datafield>
    <datafield tag="246" ind1="1" ind2=" ">
      <subfield code="a">Dialogi miraculorum</subfield>
    </datafield>
    <datafield tag="260" ind1=" " ind2=" ">
      <subfield code="a">Brugge :</subfield>
      <subfield code="b">Karthuizerklooster Genadendal,</subfield>
      <subfield code="c">1458.</subfield>
    </datafield>
    <datafield tag="300" ind1=" " ind2=" ">
      <subfield code="a">230 fol. ;</subfield>
      <subfield code="c">290 x 215 (210 x 140) mm.</subfield>
    </datafield>
    <datafield tag="336" ind1=" " ind2=" ">
      <subfield code="a">text</subfield>
      <subfield code="b">txt</subfield>
      <subfield code="2">rdacontent</subfield>
    </datafield>
    <datafield tag="337" ind1=" " ind2=" ">
      <subfield code="a">unmediated</subfield>
      <subfield code="b">n</subfield>
      <subfield code="2">rdamedia</subfield>
    </datafield>
    <datafield tag="338" ind1=" " ind2=" ">
      <subfield code="a">volume</subfield>
      <subfield code="b">nc</subfield>
      <subfield code="2">rdacarrier</subfield>
    </datafield>
    <datafield tag="340" ind1=" " ind2=" ">
      <subfield code="a">papier, perkament</subfield>
      <subfield code="k">53-61 regels, littera cursiva.</subfield>
    </datafield>
    <datafield tag="500" ind1=" " ind2=" ">
      <subfield code="a">Bevat behalve Meditationes de vita Jesu Christi (fol. 1r-40v) ook: Lamentatio gloriosae Virginis Mariae juxta crucem / a beato Augustino edita vel secundum quosdam a beato Bernardo (fol. 41r-43v), Meditatio super Salutationem Angelicam (fol. 44r-45r), Salubres admonitiones de sacro sacramento (= Thomae a Kempis De imitatione Christi lib. 4, c. 5) (fol. 46r-51r), Tractatus de sacramento altaris / authore Olivero Longi (fol. 51r-61v), Conclusiones Wilhelmi Bloc de participatione missarum tam pro vivis quam pro defunctis (fol. 62), Quatuor novissima (fol. 63r-81v), De raptu animae Tundali et visione ejus (fol. 82r-86v), Tractatus beati Basilii de recommendatione vitae solitariae (fol. 87r-88v), Speculum monasticum Bernardi (fol. 89r-89v), Initium sapientiae timor Domini (fol. 89v-90r), Ordo sive Regula vivendi Jheronimi ad Eustachium (fol. 90v-102v), Tractatus Regnum Dei inter vos est (fol. 103r-106r), Collationes seu verba aurea fratris Egidii (fol. 107-113r), Tractatus de arte bene moriendi (fol. 114r-121v), Speculum peccatorum (fol. 122r-125r), Regula fratrum ordinis tertii beati Francisci de penitentia (fol. 125v-127v), Monita de verbis beati Isidori ad instruendum hominem qualiter vitia valeat evitare (fol. 128r-131v), Speculum christiani (fol. 133r-155r), De modo confessionis generalis; De forma Ihesu in terra; Descriptio beatae Virginis Mariae (fol. 155r-156r), Proverbia sapientium etc. (fol. 156r-157r), Epistula Petri Damiani ad Blancam comitissam; Sermo de contemptu mundi; (fol. 157r-163r), Dicit beatus Augustinus ... (fol. 163r-163v), Exempla sanctorum (fol. 163v-165r), Sermo incipiens: Servus sciens voluntatem domini sui (fol. 165r-166v), De efficacia praeceptionis sacramenti (fol. 166v-168r), Tractatus parvus de stimulo conscientiae / compilatus a fratre Bonaventura (fol. 168r-173r), Nota ut homo possit amplius proficere et Deo magis placere ... (fol. 173v-180v), Tractatus de vera confessione facienda (fol. 181r-191v).</subfield>
    </datafield>
    <datafield tag="500" ind1=" " ind2=" ">
      <subfield code="a">Tractatus de defectibus et periculis concurrentibus in missa (fol. 191v-193r), Diffinitiones monachi / Joannes Climachus (fol. 193v), Tractatus de purgatorio sancti Patricii (fol. 195r-201v), Mirabilia in sacramento altaris (fol. 202r-210v), Narratio de spiritu quodam in villa Meyerick juxta oppidum Duysborch ducatus Clivensis apparente (fol. 210v-224r), Narratio quorundam dubitabilium circa acta seu dicta per spiritum in Meyerick, quam decidit Joannes de Essendia (fol. 224r-228r), Quaedam ex Caesarii Heisterbacensis Dialogis miraculorum (fol. 228v-230v).</subfield>
    </datafield>
    <datafield tag="500" ind1=" " ind2=" ">
      <subfield code="a">Blanco: fol. 132, 194.</subfield>
    </datafield>
    <datafield tag="500" ind1=" " ind2=" ">
      <subfield code="a">Geschreven door Johannes van Raephorst (fol. 40v: per manus fratris Johannis raphorst monachus huius domus. Explicit liber aureus de vita domini nostri ihesu christi cum omni devocione meditanda in profesto beate margarete virginis per fratrem Johannem raphorst de traiecto inferiori licet minimum professum monachum vallis gracie iuxta brugas anno lviii).</subfield>
    </datafield>
    <datafield tag="500" ind1=" " ind2=" ">
      <subfield code="a">Lamentatio gloriosae Virginis Mariae juxta crucem, ook bekend o.d.t.: Planctus Mariae.</subfield>
    </datafield>
    <datafield tag="500" ind1=" " ind2=" ">
      <subfield code="a">Meditatio super Salutationem Angelicam ten onrechte toegeschreven aan Bonaventura.</subfield>
    </datafield>
    <datafield tag="500" ind1=" " ind2=" ">
      <subfield code="a">Auteur Quatuor novissima (of: Cordiale de quatuor novissimis) is Gerardus de Vliederhoven.</subfield>
    </datafield>
    <datafield tag="500" ind1=" " ind2=" ">
      <subfield code="a">De raptu animae Tundali et visione ejus toegeschreven aan de uit Ierland afkomstige broeder Marcus uit het Schottenklooster te Regensburg.</subfield>
    </datafield>
    <datafield tag="500" ind1=" " ind2=" ">
      <subfield code="a">Tractatus de recommendatione vitae solitariae, in dit handschrift toegeschreven aan Basilius Magnus, is de tekst van Dominus vobiscum cap. 19 van Petrus Damiani.</subfield>
    </datafield>
    <datafield tag="500" ind1=" " ind2=" ">
      <subfield code="a">Auteur Speculum monasticum is Arnulfus de Boeriis.</subfield>
    </datafield>
    <datafield tag="500" ind1=" " ind2=" ">
      <subfield code="a">Tractatus Regnum Dei inter vos est: Thomas a Kempis. De Imitatione Christi liber 2.</subfield>
    </datafield>
    <datafield tag="500" ind1=" " ind2=" ">
      <subfield code="a">Monita de verbis beati Isidori ad instruendum hominem qualiter vitia valeat evitare, uit: De contemptu mundi.</subfield>
    </datafield>
    <datafield tag="500" ind1=" " ind2=" ">
      <subfield code="a">Speculum peccatorum toegeschreven aan Gregorius Magnus.</subfield>
    </datafield>
    <datafield tag="500" ind1=" " ind2=" ">
      <subfield code="a">Tractatus parvus de stimulo conscientiae, compilatie uit Bonaventurae De triplici via.</subfield>
    </datafield>
    <datafield tag="500" ind1=" " ind2=" ">
      <subfield code="a">Nota ut homo possit amplius proficere et Deo magis placere ..., excerpta uit: Jacobi Mediolanensis Stimulus amoris.</subfield>
    </datafield>
    <datafield tag="500" ind1=" " ind2=" ">
      <subfield code="a">Auteur van Tractatus de vera confessione facienda, is Matthaeus de Cracovia.</subfield>
    </datafield>
    <datafield tag="500" ind1=" " ind2=" ">
      <subfield code="a">Auteur Tractatus de purgatorio sancti Patricii, is Henry of Saltrey.</subfield>
    </datafield>
    <datafield tag="500" ind1=" " ind2=" ">
      <subfield code="a">Auteur Narratio de spiritu quodam in villa Meyerick juxta oppidum Duysborch ducatus Clivensis apparente, en van Narratio quorundam dubitabilium circa acta ..., is Johannes de Essendia.</subfield>
    </datafield>
    <datafield tag="500" ind1=" " ind2=" ">
      <subfield code="a">Foliëring verspringt van 153 naar 155 zonder dat er iets in de tekst ontbreekt.</subfield>
    </datafield>
    <datafield tag="524" ind1=" " ind2=" ">
      <subfield code="a">Te citeren als: Universiteitsbibliotheek Utrecht Hs. 173 (Hs 1 H 17).</subfield>
    </datafield>
    <datafield tag="563" ind1=" " ind2=" ">
      <subfield code="a">Leren band over de oorspronkelijke houten platten, twee platsluitingen, klavieren, gerestaureerd in 1987.</subfield>
    </datafield>
    <datafield tag="581" ind1=" " ind2=" ">
      <subfield code="a">[P.A. Tiele], Catalogus codicum manu scriptorum Bibliothecae Universitatis Rheno-Trajectinae. I. Trajecti ad Rhenum / Hagae Comitis 1887. p. 53-55.</subfield>
    </datafield>
    <datafield tag="581" ind1=" " ind2=" ">
      <subfield code="a">[A. Hulshof], Catalogus codicum manu scriptorum Bibliothecae Universitatis Rheno-Traiectinae. II. Traiecti ad Rhenum 1909. p. 20-21, 274.</subfield>
    </datafield>
    <datafield tag="581" ind1=" " ind2=" ">
      <subfield code="a">G.I. Lieftinck, Manuscrits datés conservés dans les Pays-Bas. I. Les manuscrits d'origine étrangere (816 - c. 1550). Amsterdam 1964. p. 117 nr. 270, pl. 178.</subfield>
    </datafield>
    <datafield tag="581" ind1=" " ind2=" ">
      <subfield code="a">J.P. Gumbert, Manuscrits datés conservés dans les Pays-Bas. Vol. 2: Les manuscrits d'origine néerlandaise (XIVe-XVIe siècles) et Suppl. au tome premier. Leiden etc. 1988. p. 275.</subfield>
    </datafield>
    <datafield tag="581" ind1=" " ind2=" ">
      <subfield code="a">Tondalus' visioen en St. Patricius' vagevuur. Uitgeg. d. R. Verdeyen &amp; J. Endepols. Dl. 1 Gent 1914. p. 277f.</subfield>
    </datafield>
    <datafield tag="581" ind1=" " ind2=" ">
      <subfield code="a">S.G. Axters, De imitatione Christi. Een handschrifteninventaris. Kempen 1971. p. 84 (fol. 47r-51r en 103r-106r).</subfield>
    </datafield>
    <datafield tag="581" ind1=" " ind2=" ">
      <subfield code="a">A.J. de Groot &amp; E.C.C. Coppens, Manuscripta canonistica Latina. Elenchus codicum necnon diplomatum iuris canonici ante a. 1600 in bibliothecis ac archivis neerlandicis. Nijmegen 1989. (= Rechtshistorische reeks van het Gerard Noodt Instituut 14). p. 390 nr. 1425 (fol. 125v-127v, 191r-193r).</subfield>
    </datafield>
    <datafield tag="581" ind1=" " ind2=" ">
      <subfield code="a">A.I. Doyle, 'A text attributed ton Ruusbroec circulating in England', in: Dr. L. Reypens-album. Opstellen aangeboden aan Prof. Dr. L. Reypens S.J.. Antwerpen 1964. (= Studiën en tekstuitgaven van Ons Geestelijk Erf 16), p. 153-171. p. 153-171, vooral p. 157 en 166-168 (fol. 166v-168r).</subfield>
    </datafield>
    <datafield tag="581" ind1=" " ind2=" ">
      <subfield code="a">M. Dusch, De veer utersten. Das Cordiale de quatuor novissimis von Gerhard von Vliederhoven in mittelniederdeutscher Überlieferung. Wien 1975. (= Niederdeutsche Studien 20). p. 54* nr. 151.</subfield>
    </datafield>
    <datafield tag="581" ind1=" " ind2=" ">
      <subfield code="a">M. Dykmans S.J., Obituaire du monstère de Groenendael dans la foret de Soignes, publ. avec introd. et des notes par M. Dykmans S.J. Bruxelles 1940. (= Académie Royale de Belgique. Comm. Royale d'Histoire, Sér. in oct.). p. 127.</subfield>
    </datafield>
    <datafield tag="581" ind1=" " ind2=" ">
      <subfield code="a">V. Gillespie, 'The Evolution of the Speculum Christiani', in: Latin and Vernacular. Ed. A.J. Minnis. Cambridge 1989. (= York Manuscripts Conferences: Proceedings series 1) p. 57.</subfield>
    </datafield>
    <datafield tag="581" ind1=" " ind2=" ">
      <subfield code="a">F. Hendrickx, 'De handschriften van de Kartuis Genadendal bij Brugge (1318-1580). (slot)', in: Ons geestelijk erf 48 (1974), p. 143-169. p. 158-164.</subfield>
    </datafield>
    <datafield tag="581" ind1=" " ind2=" ">
      <subfield code="a">Th. Kaeppeli, Scriptores ordinis praedicatorum medii aevi. 4 vols. Rome 1970-1993. dl. 2, p. 416 nr. 2303 (fol. 224-228).</subfield>
    </datafield>
    <datafield tag="581" ind1=" " ind2=" ">
      <subfield code="a">A. Madre, Nikolaus von Dinkelsbühl. Leben und Schriften. Ein Beitrag zur theologischen Literaturgeschichte. Münster 1965. (= Beiträge zur Geschichte der Philosophie und Theologie des Mittelalters 40, 4). p. 292-295 (fol. 114-121).</subfield>
    </datafield>
    <datafield tag="581" ind1=" " ind2=" ">
      <subfield code="a">N.F. Palmer, 'Visio Tnugdali'. The German and Dutch translations and their circulation in the later Middle Ages. München etc. 1982. (= Münchener Texte und Untersuchungen zur deutshcen Literatur des Mittelalters 76). p. ? (fol. 82-86).</subfield>
    </datafield>
    <datafield tag="581" ind1=" " ind2=" ">
      <subfield code="a">Die Briefe des Petrus Damiani. Hrsg. von K. Reindel. 4 dln. München 1983-1993. (= Monumenta Germaniae historica. Die Briefe der deutschen Kaiserzeit 4). p. 38.</subfield>
    </datafield>
    <datafield tag="581" ind1=" " ind2=" ">
      <subfield code="a">H. Silvestre, 'Les ""Prolégomènes"" à l'histoire de Groenendael du père Marc Dykmans', in: Scriptorium 17 (1963), p. 118-121. p. 121.</subfield>
    </datafield>
    <datafield tag="581" ind1=" " ind2=" ">
      <subfield code="a">L. Thorndike, A history of magic and experimental science, vol. 3. 4th ed. New York 1960. p. 326 nt. 3.</subfield>
    </datafield>
    <datafield tag="581" ind1=" " ind2=" ">
      <subfield code="a">K. van der Horst, 'The reliability of watermarks', in: Gazette du livre médiéval 19 (1989), p. 15-19. p. 17.</subfield>
    </datafield>
    <datafield tag="581" ind1=" " ind2=" ">
      <subfield code="a">C.M. van der Zanden, 'Autour d'un manuscrit latin du purgatoire de Saint Patrice de la bibliothèque de l'Université d'Utrecht', in: Neophilologus 10 (1925), p. 243f. p. 243f. (fol. 195-201), 245f. (fol. 82-86).</subfield>
    </datafield>
    <datafield tag="581" ind1=" " ind2=" ">
      <subfield code="a">Chr. van Wijnbergen &amp; H. Zapp, Verzeichnis kanonistischer Handschriften in den Niederlanden). Würzburg 1988. (= Forschungen zur Kirchenrechtswissenschaft 3). p. 260 (fol. 125v-127v).</subfield>
    </datafield>
    <datafield tag="581" ind1=" " ind2=" ">
      <subfield code="a">K. Warnke, Marie de France: das Buch vom Espurgatoire S. Patrice und seine Quelle. Hrgeg. von K. Warnke. Halle, Saale 1938. (= Bibliotheca Normannica, 9). (fol. 195-201).</subfield>
    </datafield>
    <datafield tag="581" ind1=" " ind2=" ">
      <subfield code="a">M.Th. Wieser, Die handschriftliche Überlieferung der Werke des heiligen Augustinus VIII.1: Belgien, Luxembourg und Niederlande. Werkverzeichnis. Wien 2000 (= Sitzungsberichte der Österreichische Akademie der Wissenschaften. Phil.-Hist. Klasse 685) p. 124, 155, 351.</subfield>
    </datafield>
    <datafield tag="581" ind1=" " ind2=" ">
      <subfield code="a">M. Th. Wieser, Die Handschriftliche Überlieferung der Werke des heiligen Augustinus Bd. VIII/2. Belgien, Luxemburg und Niederlande. Verzeichnis nach Bibliotheken. Wien 2000 (= Sitzungsberichte der Österreichische Akademie der Wissenschaften. Phil.-Hist. Klasse 685) p. 284.</subfield>
    </datafield>
    <datafield tag="581" ind1=" " ind2=" ">
      <subfield code="a">J.E. Williams, 'Welsh versions of ""Purgatorium S. Patricii""', in: Studia Celtica 8-9 (1973-1974), p. 121-194. (cf. Scriptorium 29 (1975), p. 317*, nr. 1489 en 30 (1976), p. 85, nr. 488). p. 121-194 (fol. 82-86).</subfield>
    </datafield>
    <datafield tag="583" ind1=" " ind2=" ">
      <subfield code="a">Restauratierapport aanwezig.</subfield>
    </datafield>
    <datafield tag="530" ind1=" " ind2=" ">
      <subfield code="a">Also available in online version.</subfield>
    </datafield>
    <datafield tag="600" ind1="0" ind2="4">
      <subfield code="a">Bonaventura,</subfield>
      <subfield code="d">1217-1274.</subfield>
    </datafield>
    <datafield tag="655" ind1=" " ind2="7">
      <subfield code="a">Handschriften (vorm)</subfield>
      <subfield code="0">(NL-LeOCL)088143309.</subfield>
      <subfield code="2">gtt</subfield>
    </datafield>
    <datafield tag="700" ind1="0" ind2=" ">
      <subfield code="a">Aegidius Assisias.</subfield>
    </datafield>
    <datafield tag="700" ind1="0" ind2=" ">
      <subfield code="a">Arnulfus,</subfield>
      <subfield code="c">de Boeriis,</subfield>
      <subfield code="d">-1149</subfield>
      <subfield code="1">https://id.oclc.org/worldcat/entity/E39PBJqFQ9WT78k8yxyTGc4Qbd</subfield>
    </datafield>
    <datafield tag="700" ind1="0" ind2=" ">
      <subfield code="a">Augustinus,</subfield>
      <subfield code="c">Pseudo-</subfield>
    </datafield>
    <datafield tag="700" ind1="0" ind2=" ">
      <subfield code="a">Basilius Magnus,</subfield>
      <subfield code="c">Pseudo-</subfield>
    </datafield>
    <datafield tag="700" ind1="0" ind2=" ">
      <subfield code="a">Bonaventura,</subfield>
      <subfield code="c">Pseudo-</subfield>
    </datafield>
    <datafield tag="700" ind1="0" ind2=" ">
      <subfield code="a">Caesarius von Heisterbach,</subfield>
      <subfield code="d">ca. 1180-ca. 1240.</subfield>
    </datafield>
    <datafield tag="700" ind1="0" ind2=" ">
      <subfield code="a">Gerardus,</subfield>
      <subfield code="c">de Vliederhoven,</subfield>
      <subfield code="d">-1402.</subfield>
    </datafield>
    <datafield tag="700" ind1="0" ind2=" ">
      <subfield code="a">Henry of Saltrey,</subfield>
      <subfield code="d">fl. 1150.</subfield>
    </datafield>
    <datafield tag="700" ind1="0" ind2=" ">
      <subfield code="a">Hieronymus Stridonensis,</subfield>
      <subfield code="c">Pseudo-</subfield>
    </datafield>
    <datafield tag="700" ind1="0" ind2=" ">
      <subfield code="a">Isidorus Hispalensis.</subfield>
    </datafield>
    <datafield tag="700" ind1="0" ind2=" ">
      <subfield code="a">Jacobus Mediolanensis.</subfield>
    </datafield>
    <datafield tag="700" ind1="0" ind2=" ">
      <subfield code="a">Jan van Raephorst,</subfield>
      <subfield code="d">-1493.</subfield>
    </datafield>
    <datafield tag="700" ind1="0" ind2=" ">
      <subfield code="a">Johannes Climacus.</subfield>
    </datafield>
    <datafield tag="700" ind1="0" ind2=" ">
      <subfield code="a">Johannes de Essendia,</subfield>
      <subfield code="d">-1456.</subfield>
    </datafield>
    <datafield tag="700" ind1="0" ind2=" ">
      <subfield code="a">Marcus de Hibernia,</subfield>
      <subfield code="d">fl. 1149.</subfield>
    </datafield>
    <datafield tag="700" ind1="0" ind2=" ">
      <subfield code="a">Matthaeus de Cracovia,</subfield>
      <subfield code="c">episcopus Wormatiensis,</subfield>
      <subfield code="d">?-1410.</subfield>
    </datafield>
    <datafield tag="700" ind1="0" ind2=" ">
      <subfield code="a">Nicolaas</subfield>
      <subfield code="b">IV,</subfield>
      <subfield code="c">paus,</subfield>
      <subfield code="d">-1292.</subfield>
    </datafield>
    <datafield tag="700" ind1="0" ind2=" ">
      <subfield code="a">Oglerius de Locedio,</subfield>
      <subfield code="d">ca. 1150-1214.</subfield>
    </datafield>
    <datafield tag="700" ind1="0" ind2=" ">
      <subfield code="a">Petrus,</subfield>
      <subfield code="c">Damianus,</subfield>
      <subfield code="d">1007-1072</subfield>
      <subfield code="1">https://id.oclc.org/worldcat/entity/E39PBJycKHkKpyvPHgmyYW83cP</subfield>
    </datafield>
    <datafield tag="700" ind1="0" ind2=" ">
      <subfield code="a">Thomas à Kempis,</subfield>
      <subfield code="d">ca. 1380-1471.</subfield>
    </datafield>
    <datafield tag="700" ind1="1" ind2=" ">
      <subfield code="a">Block, Wilhelmus,</subfield>
      <subfield code="c">theoloog.</subfield>
    </datafield>
    <datafield tag="700" ind1="1" ind2=" ">
      <subfield code="a">De Langhe, Olivier,</subfield>
      <subfield code="d">-1461.</subfield>
    </datafield>
    <datafield tag="710" ind1="2" ind2=" ">
      <subfield code="a">Karthuizerklooster Genadendal (Brugge)</subfield>
      <subfield code="e">former owner.</subfield>
      <subfield code="4">fmo</subfield>
      <subfield code="5">NL-UtRU</subfield>
    </datafield>
    <datafield tag="758" ind1=" " ind2=" ">
      <subfield code="a">Meditationes de vita Jesu Christi UBU Hs. 173 (Hs 1 H 17) (Text)</subfield>
      <subfield code="1">https://id.oclc.org/worldcat/entity/E39PCFxTV4Q6BtrDCHcrMkfpRq</subfield>
      <subfield code="4">https://id.oclc.org/worldcat/ontology/hasWork</subfield>
    </datafield>
    <datafield tag="776" ind1="0" ind2="8">
      <subfield code="i">Online version:</subfield>
      <subfield code="a">Bernardus Claraevallensis,</subfield>
      <subfield code="t">Meditationes de vita Jesu Christi.</subfield>
      <subfield code="d">Brugge : Karthuizerklooster Genadendal, 1458.</subfield>
    </datafield>
    <datafield tag="856" ind1="4" ind2="1">
      <subfield code="u">http://objects.library.uu.nl/reader/resolver.php?obj=002325422&amp;type=2</subfield>
      <subfield code="x">Online</subfield>
      <subfield code="z">Full Text</subfield>
    </datafield>
  </record>